|
|
|
|
| LEADER |
00000nam a2200000 4500 |
| 001 |
vtls012154719 |
| 003 |
SK-MaSNL |
| 005 |
20260302073251.0 |
| 008 |
221123s2022 xo a a 000 0 slo |
| 015 |
|
|
|a SNBA2023/01
|
| 020 |
|
|
|a 9788056708590
|q (viazané)
|
| 040 |
|
|
|a SNK
|b slo
|c SNK
|e rda
|
| 041 |
1 |
|
|a slo
|h fre
|
| 044 |
|
|
|a xo
|c SK
|
| 072 |
|
7 |
|a 59
|x Zoológia
|2 konspekt
|
| 072 |
|
7 |
|a 0/9-053.2
|x Literatúra pre deti a mládež (náučná)
|2 konspekt
|
| 080 |
|
|
|a 592/599
|2 2011
|
| 080 |
|
|
|a 504:592/599
|2 2011
|
| 080 |
|
|
|a (0.025.2)
|2 2011
|
| 080 |
|
|
|a (0.02)159.935
|2 2011
|
| 080 |
|
|
|a (0.053.2)
|2 2011
|
| 100 |
1 |
|
|a Hédelin, Pascale
|4 aut
|9 737471
|
| 240 |
1 |
0 |
|a Mes docus à toucher: Les animaux à protéger
|l Slovensky
|
| 245 |
1 |
0 |
|a Vzácne zvieratá
|c Pascale Hédelin, Camille Tisserand ; preklad a redakcia Jitka Madarásová
|
| 250 |
|
|
|a Prvé slovenské vydanie
|
| 264 |
|
1 |
|a Bratislava
|b Svojtka & Co., s.r.o.
|c 2022
|
| 300 |
|
|
|a 12 nečíslovaných strán
|b farebné ilustrácie
|c 21 x 24 cm
|
| 336 |
|
|
|a text
|b txt
|2 rdacontent
|
| 336 |
|
|
|a statický obraz
|b sti
|2 rdacontent
|
| 337 |
|
|
|a bez média
|b n
|2 rdamedia
|
| 338 |
|
|
|a zväzok
|b nc
|2 rdacarrier
|
| 490 |
1 |
|
|a Spoznávaj dotykom
|
| 500 |
|
|
|a Preložené z francúzskeho vydania
|
| 500 |
|
|
|a Kartónové listy s odklápacími okienkami a výrezmi s hmatovými prvkami
|
| 650 |
0 |
7 |
|a zvieratá
|2 SNKPH
|9 1091
|
| 650 |
0 |
7 |
|a ohrozené druhy živočíchov
|2 SNKPH
|9 3697
|
| 650 |
0 |
7 |
|a Animals
|2 SNKPHeng
|9 267568
|
| 650 |
0 |
7 |
|a Endangered animals
|2 SNKPHeng
|9 364361
|
| 655 |
|
7 |
|a leporelá
|2 SNKPH
|9 60414
|
| 655 |
|
7 |
|a taktilné knihy
|2 SNKPH
|9 338805
|
| 655 |
|
7 |
|a publikácie pre deti
|2 SNKPH
|9 70148
|
| 655 |
|
7 |
|a Picture books for children
|2 SNKPHeng
|9 277438
|
| 655 |
|
7 |
|a Tactile books
|2 SNKPHeng
|9 338806
|
| 655 |
|
7 |
|a Publications for children
|2 SNKPHeng
|9 276792
|
| 700 |
1 |
|
|a Tisserand, Camille,
|d 1988-
|4 ill
|9 718970
|
| 700 |
1 |
|
|a Madarásová, Jitka
|4 trl
|4 red
|9 207448
|
| 830 |
|
0 |
|a Spoznávaj dotykom
|9 545157
|
| 919 |
|
|
|a 978-80-567-0859-0
|
| 954 |
|
|
|a ilustrované knihy, leporelá, komiksy cudzojazyčné (svetové)
|2 lita
|
| 958 |
|
|
|a DB
|
| 968 |
|
|
|b FR
|
| 999 |
|
|
|c 1160146
|d 1162076
|
| 952 |
|
|
|a SNK
|b SNK
|y PREZ
|7 0
|p 17A1515486
|o snkOSC 29788
|i snk2022/17503
|8 0
|0 0
|1 0
|4 0
|d 2022-11-23
|l 0
|r 2026-02-24 20:30:32
|w 2026-02-24
|
| 952 |
|
|
|a SNK
|b SNK
|y PREZ
|7 0
|p 17A1515487
|o snkOSC 29788 D1
|i snk2022/17506
|8 0
|0 0
|1 0
|4 0
|d 2022-11-23
|l 0
|r 2026-02-24 20:30:32
|w 2026-02-24
|